| 000 | 00779cam a2200241 4500500 | ||
|---|---|---|---|
| 005 | 20260405004109.0 | ||
| 041 | _afre | ||
| 042 | _adc | ||
| 100 | 1 | 0 |
_aLarmagnac-Matheron, Octave _eauthor |
| 245 | 0 | 0 | _aCynthia Fleury : "La logique économique parvient à faire du sommeil un véritable marché" |
| 260 | _c2023. | ||
| 500 | _a4 | ||
| 690 | _aByung-Chul Han | ||
| 690 | _aCapitalisme | ||
| 690 | _aCorps | ||
| 690 | _aData | ||
| 690 | _aEspace-temps | ||
| 690 | _aJonathan Crary | ||
| 690 | _aSommeil | ||
| 690 | _aTravail | ||
| 786 | 0 | _nPhilosophie magazine - Hors séries | Hors série - Hiver 2023 | HS56 | 2023-01-01 | p. 4-5 | 2104-9246 | |
| 856 | 4 | 1 | _uhttps://shs.cairn.info/magazine-philosophie-magazine-2023-12-page-4?lang=fr&redirect-ssocas=7080 |
| 999 |
_c2073645 _d2073645 |
||